Տեառնընդառաջ / (Record no. 342393)
[ view plain ]
| 000 -LEADER | |
|---|---|
| fixed length control field | 00850nam a2200217 a 4500 |
| 001 - CONTROL NUMBER | |
| control field | 001050038 |
| 003 - CONTROL NUMBER IDENTIFIER | |
| control field | AM-YeHGA |
| 005 - DATE AND TIME OF LATEST TRANSACTION | |
| control field | 20250814113643.0 |
| 008 - FIXED-LENGTH DATA ELEMENTS--GENERAL INFORMATION | |
| fixed length control field | 141201s1932 sy r 000 0 tur d |
| 040 ## - CATALOGING SOURCE | |
| Original cataloging agency | AM-YeHGA |
| 041 0# - LANGUAGE CODE | |
| Language code of text/sound track or separate title | tur |
| 100 1# - MAIN ENTRY--PERSONAL NAME | |
| Personal name | Թավուքճեան, Ներսէս |
| Titles and words associated with a name | քահանա |
| 245 10 - TITLE STATEMENT | |
| Title | Տեառնընդառաջ / |
| Statement of responsibility, etc. | Ներսէս աւգ․ քհնյ․ Թավուգճեան. |
| 260 ## - PUBLICATION, DISTRIBUTION, ETC. | |
| Place of publication, distribution, etc. | Հալէպ : |
| Name of publisher, distributor, etc. | տպ. Արարա, |
| Date of publication, distribution, etc. | 1932. |
| 300 ## - PHYSICAL DESCRIPTION | |
| Extent | 27 էջ ; |
| Dimensions | 20 սմ. |
| 546 ## - LANGUAGE NOTE | |
| Language note | Տեքստը՝ հայատառ թուրքերեն: |
| 650 14 - SUBJECT ADDED ENTRY--TOPICAL TERM | |
| Topical term or geographic name entry element | Եկեղեցական տոներ և արարողություններ |
| 650 14 - SUBJECT ADDED ENTRY--TOPICAL TERM | |
| Topical term or geographic name entry element | Հայատառ թուրքերեն գրքեր |
| 9 (RLIN) | 6315 |
| 856 41 - ELECTRONIC LOCATION AND ACCESS | |
| Uniform Resource Identifier | <a href="http://greenstone.flib.sci.am/gsdl/collect/col/books/tearnyndaraj_halep_1932.pdf">http://greenstone.flib.sci.am/gsdl/collect/col/books/tearnyndaraj_halep_1932.pdf</a> |
| Link text | Կարդալ առցանց |
| 942 ## - ADDED ENTRY ELEMENTS (KOHA) | |
| Source of classification or shelving scheme | Universal Decimal Classification |
| Koha item type | Գրքեր / Books |
| Withdrawn status | Lost status | Source of classification or shelving scheme | Damaged status | Not for loan | Collection | Home library | Current library | Date acquired | Total checkouts | Full call number | Barcode | Date last seen | Price effective from | Koha item type | Public note |
|---|---|---|---|---|---|---|---|---|---|---|---|---|---|---|---|
| Universal Decimal Classification | Pogharian Individual Collection | Fundamental Scientific Library | Fundamental Scientific Library | 09/01/2017 | Պող/882 | FL0321276 | 09/01/2017 | 09/01/2017 | Գրքեր / Books | ILL Non-Circ. |
ՀՀ Գիտությունների ազգային ակադեմիայի հիմնարար գիտական գրադարան = Fundamental Scientific Library of NAS RA
All site content, except where otherwise noted, is licensed under a